| 000 | 00824 a2200241 4500 | ||
|---|---|---|---|
| 999 |
_c14413 _d14413 |
||
| 003 | OSt | ||
| 005 | 20260417174933.0 | ||
| 008 | 260416b ||||| |||| 00| 0 eng d | ||
| 020 | _a9789384204310 | ||
| 040 | _cddc | ||
| 100 |
_aRewal, Raj _eeditor |
||
| 245 |
_aTraditional architecture : and its relevance for our times / _cEdited by Raj Rewal |
||
| 260 |
_bCouncil of Architecture, New Delhi _c2025 _aNew Delhi |
||
| 300 |
_aill.; 224 p.: _bHardcover _c28cm |
||
| 650 | _aClimate Responsiveness and Resilience | ||
| 650 | _aCultural Identity and Continuity | ||
| 650 | _aModern Adaptation ("Living Tradition") | ||
| 650 | _aEconomic Advantages | ||
| 650 | _aDurability and Low Maintenance | ||
| 650 | _aSustainability and Eco-Friendly Building | ||
| 650 | _aNatural Ventilation and Lighting | ||
| 942 |
_2ddc _cUG |
||